000 00547nam a2200241 a 4500
001 nice12345678
003 IN_TiNIC
005 20260116011338.0
008 050524s1932 newa grp 000 0 eng
020 _a
_c100
082 0 0 _a266
_bHOC
100 _aHocking, W E
245 _aRethinking Missions.
260 _aNew York
_bHarper and Row
_c1932
300 _a349p
500 _aincludes index and biblioraphy
505 2 _aIndex
650 _aMissions
700 1 _aHocking, W E
902 _bRBA
942 _cBK
999 _c715
_d715